The Ultimate Story-Driven Games Quiz - Statistics

General Stats
  • This quiz has been taken 29 times
  • The average score is 9 of 19
Answer Stats
Hint Answer % Correct
What is the name of the main character of The last of us part one? Joel
100%
What is the name of the main character of God of war? Kratos
78%
Who kills him? Kratos
78%
Who is the best friend of Arthur Morgan in red dead redemption 2? John Marston
70%
Who is the all father in the norse mythology? Odin
67%
What is the name of his daughter Sarah
63%
What is the name of his son? Jack Marston
59%
On a playstation what button do you press to command Atreus to shoot? Square
59%
In what game does he die in? Red dead redemption 1
52%
What does his son (Atreus) shoot ? Arrows
48%
What is the name of his wife? Abigail Marston
44%
Who is the very close person that he kills? Thor
41%
In what country do it start in? Norway
33%
Famous phrase of Dutch van der Linde? We need money
30%
Who is Thor's brother? Baldur
26%
What is the relation between Odin and Thor Father-Son
22%
What is the name of his wife? Aya
19%
Who is the main character of Assassin's creed origins? Bayek
19%
Who is the main character of Assassin's creed valhalla? Eivor
11%
No matching quizzes found
Score Distribution
Percent of People with Each Score
Percentile by Number Answered
Your Score History
You have not taken this quiz